01300nam a2200277 a 450000100060000000300080000600500170001400800410003102000150007203500190008704000250010604100080013108200260013911000580016524502660022326000460048930000240053549000590055961000310061865100670064971000700071683000660078694200120085299900170086495201410088128547BD-RjUL20211209051310.0140331s1968 ie || o||| ||eng d a071650359x a(BD-RjUL)28628 aUkcUkbengdBD-RjUL aeng04221a954.029bGRM 19681 aGreat Britain.bParliament.bHouse of Commons.98746310aMinutes of evidence taken before the whole House and the Select Committee on the Affairs of the East India Company /cGreat Britain. Parliament. House of Commons.; Great Britain. Parliament. HouCommons. Select Committee on the Affairs of the East India Company. aShannon :bIrish University press,c1968. a591 p. ;c35/21 cm. 0aBritish parliamentary papers, colonies, East India, 4.20aEast India Company.987464 0aIndiaxHistoryyBritish occupation, 1765-1947vSources.9874542 aSelect Committee on the Affairs of the East India Company.987455 0aBritish parliamentary papers, colonies, East India, 4.987456 2ddccBK c28547d28547 00102ddc40728NFICaRUCLbRUCLcReadingd1971-01-28eZeitlinger.g0.00l0o954.029 GRM 1968r2014-03-31 00:00:00tC-1w2014-03-31yBK